[Event "Brasiliense sf 03"]
[Site "Brazil"]
[Date "2010.07.22"]
[Round "7"]
[White "Meneses Domingos, Jonathan"]
[Black "Barbalho, Gilsomar Silva"]
[Result "1-0"]
[WhiteElo "2034"]
[BlackElo "2019"]
[PlyCount "93"]
[EventDate "2010.07.13"]
[EventType "swiss"]
[EventRounds "7"]
[EventCountry "BRA"]
[SourceTitle "EXT 2012"]
[Source "ChessBase"]
[SourceDate "2011.11.24"]
[SourceVersion "1"]
[SourceVersionDate "2011.11.24"]
[SourceQuality "1"]

1. e4 c5 2. Nf3 d6 3. d4 cxd4 4. Nxd4 Nf6 5. Nc3 a6 6. Be2 e6 7. Be3 Be7 8. a4 0-0 9. 0-0 Qc7 10. Kh1 b6 11. f4 Nbd7 12. Bf3 Bb7 13. Qe2 Rac8 14. Nb3 Rfe8 15. Rad1 Bf8 16. Qf2 e5 17. f5 Bc6 18. g4 Qb7 19. Qg2 Nc5 20. Nxc5 bxc5 21. g5 Nd7 22. g6 Nf6 23. Bg5 fxg6 24. Bxf6 gxf6 25. fxg6 Qg7 26. gxh7+ Kh8 27. Qf2 Be7 28. Bh5 Qxh7 29. Qf3 Rg8 30. Bg4 Rcf8 31. Bf5 Qh4 32. Rd3 Rg5 33. Qe2 Rxf5 34. Rxf5 Kg7 35. Rg3+ Kf7 36. Rh5 Qf4 37. Rh7+ Ke8 38. Rgg7 Qc1+ 39. Nd1 Bxe4+ 40. Qxe4 Qxd1+ 41. Kg2 Qd2+ 42. Kh3 d5 43. Rxe7+ Kd8 44. Rd7+ Kc8 45. Rc7+ Kb8 46. Rb7+ Ka8 47. Ra7+ 1-0

[Event "Brasiliense sf 03"]
[Site "Brazil"]
[Date "2010.07.20"]
[Round "5"]
[White "Meneses Domingos, Jonathan"]
[Black "Cavalcante, Rodrigo Moreira"]
[Result "1-0"]
[WhiteElo "2034"]
[BlackElo "1919"]
[PlyCount "89"]
[EventDate "2010.07.13"]
[EventType "swiss"]
[EventRounds "7"]
[EventCountry "BRA"]
[SourceTitle "EXT 2012"]
[Source "ChessBase"]
[SourceDate "2011.11.24"]
[SourceVersion "1"]
[SourceVersionDate "2011.11.24"]
[SourceQuality "1"]

1. e4 e5 2. Nf3 Nc6 3. Bb5 a6 4. Ba4 Nf6 5. 0-0 Be7 6. Re1 b5 7. Bb3 0-0 8. h3 d6 9. c3 Na5 10. Bc2 c5 11. d4 Nc6 12. d5 Nb8 13. Nbd2 Re8 14. Nf1 Nbd7 15. Ng3 g6 16. Bh6 Bf8 17. Qd2 Qe7 18. Nh2 Nb6 19. b3 a5 20. Bxf8 Qxf8 21. Qg5 Qg7 22. Qe3 Bd7 23. Rf1 Re7 24. Nf3 b4 25. Nd2 Bb5 26. Bd3 Be8 27. Be2 h5 28. h4 Rea7 29. Rfc1 Nfxd5 30. exd5 Nxd5 31. Qd3 Nxc3 32. Bf3 Rd8 33. Bd5 Qf6 34. Nde4 Nxe4 35. Qxe4 Kg7 36. Rd1 a4 37. Rd3 Qe7 38. Rf3 f5 39. Rxf5 axb3 40. Bxb3 Qd7 41. Rg5 Qc6 42. Rxg6+ Kf8 43. Qf5+ Bf7 44. Qf6 Ke8 45. Bxf7+ 1-0